000 00559nam a2200229 a 4500
001 nice12345678
003 IN_TiNIC
005 20260116011252.0
008 050524s1951 lona grp 000 0 eng
020 _a
_c100
082 0 0 _a181.06
_bMAI
100 _aMaimonides, Moses
245 _aGuide for the Perplexed.
260 _aLondon
_bRoutledge Chapman Hall
_c1951
300 _a414p
500 _aincludes index and biblioraphy
505 2 _aBibliographt, Index
650 _aPhilosophy-Jewish
902 _bSRS
942 _cBK
999 _c36
_d36